000
00271nam a2200097Ia 4500
008
240331s9999 xx 000 0 und d
082
_b
VAR
100
_a
Thiruchandran, S. ed
245
0
_a
Varkkam, sathi, pennilai anpadu periyarin sinthanaikal pattiya oru noakku
942
_c
L
999
_c
1969
_d
1969